| 000 | 00683nam a2200181Ia 4500 | ||
|---|---|---|---|
| 008 | 090124s9999 xx 000 0 und d | ||
| 082 | _b38440 | ||
| 100 | _aजोग ब. ना. | ||
| 245 | _a हिंदु-मुसलमान ऐक्य भ्रम आणि सत्य | ||
| 250 | _a1 | ||
| 260 |
_bउन्नति प्रकाशन _c1990 |
||
| 300 | _a643 | ||
| 600 | _aजोग ब. ना. | ||
| 630 | _a हिंदु-मुसलमान ऐक्य भ्रम आणि सत्य | ||
| 700 | _aजोग ब. ना. | ||
| 730 | _a हिंदु-मुसलमान ऐक्य भ्रम आणि सत्य | ||
| 942 | _cBOOK | ||
| 999 |
_c105157 _d105157 |
||